Гидравлические системы: практическое руководство по обслуживанию и ремонту: пер. с англ.

Bibliografske podrobnosti
Glavni avtor: Додданнавар Р. Рави
Drugi avtorji: Барнард А. Андрис
Izvleček:В издании рассмотрены практические аспекты применения различных гидравлических систем, особое внимание уделено методам диагностики, выявлению причин возникновения неисправностей и их устранению. Представленные чертежи основных компонентов оборудования, показанные в разрезе, позволяют лучше понять конструкцию и принцип работы системы. Рассматриваются схемы применения, эксплуатационные особенности, вопросы управления и технического обслуживания. Книга будет полезна инженерам и техническим специалистам, занимающимся разработкой, обслуживанием и технической поддержкой систем гидравлики, а также желающим повысить свой уровень профессиональных знаний, необходимых для текущей работы с новыми технологиями.
Jezik:ruščina
Izdano: Москва, Группа ИДТ, 2007
Teme:
Format: MixedMaterials Knjiga
KOHA link:https://koha.lib.tpu.ru/cgi-bin/koha/opac-detail.pl?biblionumber=126328

MARC

LEADER 00000nam0a2200000 4500
001 126328
005 20231031131832.0
010 |a 9785948330464 
035 |a (RuTPU)RU\TPU\book\136665 
090 |a 126328 
100 |a 20071127d2007 km y0rusy50 ca 
101 1 |a rus  |c eng 
102 |a RU 
105 |a a z 001zy 
200 1 |a Гидравлические системы: практическое руководство по обслуживанию и ремонту  |e пер. с англ.  |f Р. Додданнавар, А. Барнард 
210 |a Москва  |c Группа ИДТ  |d 2007 
215 |a 286 с.  |c ил. 
320 |a Алфавитный указатель: с. 279-285. 
330 |a В издании рассмотрены практические аспекты применения различных гидравлических систем, особое внимание уделено методам диагностики, выявлению причин возникновения неисправностей и их устранению. Представленные чертежи основных компонентов оборудования, показанные в разрезе, позволяют лучше понять конструкцию и принцип работы системы. Рассматриваются схемы применения, эксплуатационные особенности, вопросы управления и технического обслуживания. Книга будет полезна инженерам и техническим специалистам, занимающимся разработкой, обслуживанием и технической поддержкой систем гидравлики, а также желающим повысить свой уровень профессиональных знаний, необходимых для текущей работы с новыми технологиями. 
610 1 |a гидравлические системы 
610 1 |a гидравлика 
610 1 |a давление 
610 1 |a поток 
610 1 |a гидравлические насосы 
610 1 |a гидравлические двигатели 
610 1 |a гидравлические цилиндры 
610 1 |a управление 
610 1 |a гидравлическое вспомогательное оборудование 
610 1 |a рабочие жидкости 
610 1 |a использование 
610 1 |a гидравлические сети 
610 1 |a разработка 
610 1 |a анализ 
610 1 |a неисправности 
610 1 |a техническое обслуживание 
610 1 |a ремонт 
610 1 |a практическое руководство 
675 |a 621.22  |v 3 
700 1 |a Додданнавар  |b Р.  |g Рави 
701 1 |a Барнард  |b А.  |g Андрис 
801 1 |a RU  |b 63413507  |c 20071127  |g PSBO 
801 2 |a RU  |b 63413507  |c 20150610  |g PSBO 
942 |c BK 
959 |a 84/20071126  |d 2  |e 730,00  |f АНЛ:1  |f ЧЗТЛ:1